[Event "FRA-chT2 West 0607"]
[Site "France"]
[Date "2006.11.26"]
[Round "3.7"]
[White "Gaulin, Xavier"]
[Black "Favarel, Antoine"]
[Result "1/2-1/2"]
[WhiteElo "1911"]
[BlackElo "2045"]
[PlyCount "86"]
[EventDate "2006.10.15"]
[EventType "team"]
[EventRounds "11"]
[EventCountry "FRA"]
[SourceTitle "EXT 2008"]
[Source "ChessBase"]
[SourceDate "2007.11.25"]
[SourceVersion "1"]
[SourceVersionDate "2007.11.25"]
[SourceQuality "1"]
[WhiteTeam "Le Mans"]
[BlackTeam "Bordeaux ASPOM"]
[WhiteTeamCountry "FRA"]
[BlackTeamCountry "FRA"]

1. c4 e5 2. Nc3 Nc6 3. Nf3 g6 4. d4 Bg7 5. d5 Na5 6. e4 b6 7. Bg5 f6 8. Be3 Nb7 9. b4 Bh6 10. Bxh6 Nxh6 11. Qc1 Nf7 12. Bd3 d6 13. 0-0 0-0 14. Ne2 f5 15. exf5 gxf5 16. Bc2 Qf6 17. Qb2 Kh8 18. Nf4 Ng5 19. Nxg5 Qxg5 20. Nh3 Qg4 21. Bd1 Qg7 22. f4 Bd7 23. Ng5 Rae8 24. Bh5 Re7 25. Rae1 e4 26. Qxg7+ Rxg7 27. Re3 a5 28. a3 h6 29. Nh3 axb4 30. axb4 Ra8 31. Rb1 Ra2 32. Re2 Ra3 33. g3 Rg8 34. Reb2 Rga8 35. Kf2 Kg7 36. Ng1 Rc3 37. Be2 Kf6 38. Ke1 c6 39. dxc6 Bxc6 40. Nh3 Bd7 41. Nf2 Be6 42. Nd1 Rca3 43. Kf2 b5 1/2-1/2

[Event "FRA-chT3 Gr5 0203"]
[Site "France"]
[Date "2002.11.16"]
[Round "2"]
[White "Gaulin, Xavier"]
[Black "Stephan, Jean Marie"]
[Result "1/2-1/2"]
[WhiteElo "1660"]
[BlackElo "2040"]
[PlyCount "167"]
[EventDate "2002.12.09"]
[EventType "team"]
[EventRounds "9"]
[EventCountry "FRA"]
[SourceTitle "EXT 2004"]
[Source "ChessBase"]
[SourceDate "2003.11.25"]
[SourceVersion "1"]
[SourceVersionDate "2003.11.25"]
[SourceQuality "1"]

1. e4 c5 2. Nf3 d6 3. d4 cxd4 4. Nxd4 Nf6 5. Nc3 a6 6. Bd3 Nc6 7. Nxc6 bxc6 8. 0-0 g6 9. Bd2 Bg7 10. Qc1 Rb8 11. Rb1 h5 12. Kh1 Qc7 13. f4 Ng4 14. Be2 Qb6 15. Nd1 d5 16. e5 c5 17. Ne3 Nxe3 18. Bxe3 d4 19. Bd2 Be6 20. b3 Bf5 21. Qd1 0-0 22. Be1 Rfd8 23. Bd3 Bxd3 24. Qxd3 Qb5 25. Rd1 Qxd3 26. cxd3 Rb5 27. Rc1 e6 28. Bd2 Bf8 29. Rc4 a5 30. Rfc1 Ra8 31. Ra4 Be7 32. Rf1 Kg7 33. Kg1 Bd8 34. Rc1 Ra7 35. Kf2 f6 36. exf6+ Kxf6 37. Kf3 Rd7 38. Rac4 Bb6 39. Re1 Bc7 40. Re4 Bd6 41. Be1 Ra7 42. Ra4 Kf7 43. h3 Rb8 44. Bh4 Re8 45. Bg5 Rh8 46. Re2 Rb8 47. Ke4 Re8 48. Rf2 Ra6 49. Bh4 Kg7 50. Bg5 Rf8 51. Rf3 Re8 52. Rc4 Rb8 53. Rf2 Rf8 54. Rcc2 Rb8 55. g4 a4 56. bxa4 Rb1 57. Rb2 Re1+ 58. Rfe2 Rxe2+ 59. Rxe2 Rxa4 60. gxh5 gxh5 61. f5 exf5+ 62. Kxf5 Kf7 63. Ke4 Ra3 64. Rc2 Ke6 65. Rf2 Be5 66. Rb2 Ra6 67. Rc2 Ra5 68. Bd2 Ra6 69. Rxc5 Bf6 70. Ra5 Rc6 71. Rxh5 Rc2 72. Bf4 Re2+ 73. Kf3 Rxa2 74. Rb5 Ra1 75. Rb6+ Kf7 76. Rb2 Rd1 77. Rd2 Rh1 78. Kg2 Rb1 79. Kf3 Rh1 80. Rh2 Rd1 81. Ke4 Re1+ 82. Kf5 Rd1 83. Rb2 Rxd3 84. Rb7+ 1/2-1/2

[Event "Le Mans op"]
[Site "Le Mans "]
[Date "2001.12.29"]
[Round "6"]
[White "Blanche, Paul"]
[Black "Gaulin, Xavier"]
[Result "0-1"]
[WhiteElo "2000"]
[BlackElo "1770"]
[PlyCount "136"]
[EventDate "2001.12.26"]
[EventType "swiss"]
[EventRounds "9"]
[EventCountry "FRA"]
[SourceTitle "EXT 2008"]
[Source "ChessBase"]
[SourceDate "2007.11.25"]
[SourceVersion "1"]
[SourceVersionDate "2007.11.25"]
[SourceQuality "1"]

1. d4 d5 2. c4 c6 3. Nc3 Nf6 4. Nf3 Na6 5. e3 Nc7 6. Bd3 Bg4 7. Qb3 Qc8 8. Ne5 Be6 9. c5 Ng4 10. Nxg4 Bxg4 11. f3 Be6 12. 0-0 g6 13. Qc2 Bg7 14. Ne2 f5 15. b4 a6 16. a4 0-0 17. Bd2 Bd7 18. Rab1 Qe8 19. f4 e6 20. Kh1 Qf7 21. Ng1 Ne8 22. Nf3 Qe7 23. Be1 Bf6 24. Rb3 Nc7 25. Qb1 Rfb8 26. Rf2 Kg7 27. Rfb2 Be8 28. Ng1 h6 29. Ne2 Bd7 30. Nc3 Rh8 31. b5 cxb5 32. axb5 axb5 33. Nxb5 Bxb5 34. Bxb5 Rhb8 35. Bc6 Ra7 36. Bxb7 Ne8 37. Bxd5 Rxb3 38. Bxb3 g5 39. Bg3 g4 40. Bc4 Kg6 41. Be1 h5 42. c6 Nc7 43. Rb7 Qa3 44. Bb4 Qa1 45. Bc5 Ra4 46. Bd3 Bd8 47. e4 Qxb1+ 48. Bxb1 Rc4 49. exf5+ exf5 50. g3 Rc1+ 51. Kg2 Rd1 52. Rb2 Bf6 53. Kf2 Nd5 54. Ba2 Nc7 55. Ke2 Rc1 56. Kd2 Rxc5 57. Rb8 Bxd4 58. Rg8+ Bg7 59. Bb1 Ne6 60. Rc8 Nd4 61. c7 Ne6 62. Rb8 Nxc7 63. Rb6+ Bf6 64. Kd3 Rd5+ 65. Ke2 Rb5 66. Rc6 Rb2+ 67. Bc2 Nb5 68. Kd3 Nd4 0-1